Introductory Computer Science (Record no. 16633)
[ view plain ]
| 000 -LEADER | |
|---|---|
| fixed length control field | 00349nam a2200133Ia 4500 |
| 008 - FIXED-LENGTH DATA ELEMENTS--GENERAL INFORMATION | |
| fixed length control field | 221030s9999 xx 000 0 und d |
| 041 ## - LANGUAGE CODE | |
| Language code of text/sound track or separate title | |
| 100 ## - MAIN ENTRY--AUTHOR NAME | |
| Personal name | V. P. Jaggi |
| 245 #0 - TITLE STATEMENT | |
| Title | Introductory Computer Science |
| Statement of responsibility, etc | by V. P. Jaggi, S. Jain |
| 260 ## - PUBLICATION, DISTRIBUTION, ETC. (IMPRINT) | |
| Name of publisher | Academic Pub. |
| Place of publication | New Delhi |
| Year of publication | 1996 |
| 650 ## - SUBJECT ADDED ENTRY--TOPICAL TERM | |
| Topical Term | BB Computer |
| 700 ## - ADDED ENTRY--PERSONAL NAME | |
| Personal name | S. Jain |
| 942 ## - ADDED ENTRY ELEMENTS (KOHA) | |
| Koha item type | Books |
| Accession Number | Cost, normal purchase price | Source of acquisition | Price effective from | Koha item type | Withdrawn / writtenoff status | Materials specified (bound volume or other part) | Damaged status | Not for loan | Permanent Location | Current Location | Shelving location | Date acquired | Lost/ Missing status | department |
|---|---|---|---|---|---|---|---|---|---|---|---|---|---|---|
| BB 829 | 150.00 | Gifted by Mr. K. L. Bhat | 10/30/2022 | Books | MIET Library, Jammu | MIET Library, Jammu | BL-Aacdemic Block B, FL-2, CUP-104, SH-6, R-6 | 04/16/2016 | BB |